[Event "ch-Commonwealth"]
[Site "Delhi IND"]
[Date "2010.05.18"]
[Round "11"]
[White "Phiri,R"]
[Black "Shyam,N"]
[Result "0-1"]
[WhiteElo "2165"]
[BlackElo "2385"]
[EventDate "2010.05.10"]

1. d4 Nf6 2. c4 c5 3. d5 b5 4. cxb5 a6 5. bxa6 Bxa6 6. Nc3 d6 7. e4 Bxf1 8.
Kxf1 g6 9. g3 Bg7 10. Kg2 O-O 11. Nf3 Nbd7 12. h3 Nb6 13. Re1 Qd7 14. Rb1
Rfc8 15. Nd2 Qb7 16. Qc2 c4 17. Nf3 Nfd7 18. Be3 Nc5 19. Bd4 Nd3 20. Red1
Nb4 21. Qd2 Nxa2 22. Bxg7 Kxg7 23. b3 Nxc3 24. Qxc3+ Kg8 25. bxc4 Qc7 26.
Qe3 Nd7 27. Rdc1 Ra4 28. Nd2 Rca8 29. Rc2 Ra3 30. Rb3 Ra1 31. Rcb2 Nc5 32.
Rb5 R1a3 33. Qd4 Rc8 34. Rc2 Qa7 35. Nb3 Qa4 36. Nxc5 Qxc2 37. Nd7 Qxc4 38.
Qxc4 Rxc4 39. e5 Ra7 40. Nb8 Rc5 41. Rxc5 dxc5 42. Nc6 Rd7 43. Kf3 c4 44.
Ke4 c3 45. Nd4 Rc7 46. d6 exd6 47. exd6 c2 48. dxc7 c1=Q 49. Nb5 Qc6+ 0-1